000 00608nam a2200181 a 4500
008 120416s1995 xx |||||||||||||| || u
020 _a0521496489
050 _aKJ 313 Int
100 _aLauterpacht, E
245 1 0 _aInternational law reports, vol. 101
_cedited by E. Lauterpacht
260 _c1995
350 _a0.00
650 _aLAW
650 _aINTERNATIONAL LAW--PERIODICALS
700 _aOppenheimer, A. G
700 _aGreenwood, C. J
995 _D0.00
_FCBU-MAIN LIBRARY (Kitwe)
_H1
_I49.00
_M1
_UAVAILABLE
_ZMain Library Open Access Collection
999 _c47423
_d47423